Oxford surveys in information technology.

Guardat en:
Dades bibliogràfiques
Format: Publicació Periòdica
Idioma:English
Publicat: [Oxford] : Oxford University Press, 1984-
Matèries:
LEADER 01374nas a2200385 a 4500
001 c000152366
003 CARM
005 20020205155232.0
008 851216d19841987enkar 0 0a0eng d
010 |a 86649993 //r88  |z sc 85005421 
019 1 |a 4283669  |5 LACONCORD2021 
022 |a 0265-0711 
035 |a (OCoLC)11384053  |5 LACONCORD2021 
042 |a lc 
050 0 0 |a QA75.5  |b .O93 
082 0 0 |a 004/.05  |2 19 
210 0 |a Oxf. surv. inf. technol. 
222 0 |a Oxford surveys in information technology 
245 0 0 |a Oxford surveys in information technology. 
246 1 0 |a Information technology 
260 |a [Oxford] :  |b Oxford University Press,  |c 1984- 
300 |a 4 v. :  |b ill. ;  |c 25 cm. 
310 |a Annual 
362 0 |a Vol. 1 (1984)- 
362 1 |a Ceased with v. 4, published in 1987. 
650 0 |a Electronic data processing  |x Periodicals. 
650 0 |a Technological innovations  |x Periodicals. 
650 0 |a Information science  |x Periodicals. 
650 0 |a Information technology  |x Periodicals. 
852 8 |b CARM  |h A2:AL27C0  |i D03640  |p 0095955  |f SE 
866 0 |a 1985 
866 0 |a 1985 
265 |a Oxford University Press, Walton Street, Oxford OX2 6DP 
999 f f |i f109fe3a-3ccf-5a53-8e29-d9a441dd528b  |s 51af2880-d3ac-584c-b54e-977073cb187e 
952 f f |p Can circulate  |a CAVAL  |b CAVAL  |c CAVAL  |d CARM 1 Store  |e D03640  |f A2:AL27C0  |h Other scheme  |i book  |k  1985  |m 0095955